Chaîne de mots "i" - Statistiques

Statistiques générales
  • Ce quiz a été pris 213 fois
  • Le résultat moyen est 17 sur 30
Statistiques - réponses
Définition Mot % Correct
Bruit de la fermeture éclair Zip
98%
Oui a l'espagnol Si
93%
Fleur, ou parti de l'oeil Iris
92%
Mélange de noir et de blanc Gris
86%
Les oiseaux le quitte, pour prendre leur envol Nid
83%
Les Chinois en mange tout les jours Riz
83%
Indispensable sur la neige Ski
81%
Au but, à la carabine Tir
74%
Il est "Very Bad" à la télé Trip
74%
Des hôtels notamment Ibis
73%
Alcool accompagnant souvent le Schweppes Tonic Gin
71%
Intelligence artificielle développée par Apple Siri
70%
Le _ _ _ de Corneille Cid
66%
On le paye à l'achat Prix
61%
Traduction anglaise de ce dernier, donnant un conifère If
60%
Elément atomique numéro 30 Zinc
60%
Rappeur français dont son nom contient La Peste Disiz
57%
Alcool traduit de cerise en allemand Kirsch
53%
Synonyme de Prof Instit
52%
Aliments phares des apéros Chips
51%
Un problème Hic
46%
Argent Fric
40%
Foot au niveau départemental District
37%
Joueur de Basket-Ball prénomme Kyrie Irving
28%
Capitale du Timor Oriental Dili
27%
Prénom des Iles Fidji
26%
On le fume Shit
23%
Figure en anglais Trick
12%
Qui est à son origine ou près de son origine Primitif
7%
Capitale de la province du Qinghai en Chine Xining
7%
Aucun quiz correspondant
Distribution des résultats
% des personnes avec chaque résultat
Percentile par nombre de réponses
Votre historique - résultats
Vous n’avez pas pris ce quiz